Introducción a la historia del arte : el siglo XVIII

Bibliographic Details
Main Author: Jones, Stephen Richard
Format: Section = Libro
Language:Undetermined
Spanish
Published: Barcelona Gustavo Gili 1987
Edition:2a.ed.
Subjects:
LEADER 00559nam a2200205Ia 4500
008 240829s9999 xx 000 0 und d
020 |a 84-252-1239-1 
040 |a BIBLIOTECA-RUSB/ Ref 709.033 J76 
041 |a spa 
082 |a Ref 709.033 J76 
100 1 |a Jones, Stephen Richard 
245 1 0 |a Introducción a la historia del arte : el siglo XVIII 
250 |a 2a.ed. 
260 |a Barcelona  |b Gustavo Gili  |c 1987 
300 |a 111 p. :il. 
650 7 |a ARTE ROCOCO-SIGLO XVIII 
650 7 |b  ARTE-ARQUITECTURA 
942 |c BK  |2 ddc 
991 |a TEXTO 
999 |c 6387